000 00468nam a22001817a 4500
003 MPLRDC
005 20220104125423.0
008 210129b ||||| |||| 00| 0 eng d
082 _a857.9 XYH-9 v.1
100 _a萧玉寒
245 _a风水圣姑九天玄女传奇. 卷一: 天镜地盘
_c
250 _a初版
260 _a
_b天虹出版社
_c1993
300 _b
490 _a风水异侠系列
650 _a武侠小说
942 _cBK
_o857.9 XYH-9 v.1
999 _c27226
_d27216